Conditions of economic progress.

Saved in:
Bibliographic Details
Main Author: Clark, Colin, 1905-1989
Format: Book
Language:English
Published: Lond. : Macmillan, 1951.
Edition:2nd ed.
Subjects:
LEADER 00791nam a22002291 4500
001 c000360413
003 CARM
005 00000000000000.0
008 851113s1951 enk 0 eng d
019 1 |a 26346649  |z 4137256  |z 55537716  |5 LACONCORD2021 
035 |a (OCoLC)4389080  |5 LACONCORD2021 
100 1 |a Clark, Colin,  |d 1905-1989. 
245 1 0 |a Conditions of economic progress. 
250 |a 2nd ed. 
260 |a Lond. :  |b Macmillan,  |c 1951. 
650 0 |a Economic history. 
650 0 |a Cost and standard of living. 
650 0 |a Income. 
852 8 |b CARM  |h A1:AM32G0  |i B09749  |p 0440254  |f BK 
082 0 4 |a 339 
999 f f |i 587f242f-42f1-5739-af37-d7e58e0b8b41  |s d94e0cc2-f3ef-5e9c-b6a2-d865509f1652 
952 f f |p Can circulate  |a CAVAL  |b CAVAL  |c CAVAL  |d CARM 1 Store  |e B09749  |f A1:AM32G0  |h Other scheme  |i book  |m 0440254